00614nam a2200205 a 450000100060000000300080000600500170001400800410003103500190007204000270009104100080011808200270012610000260015324500570017926000400023630000210027650400510029765100310034865100290037958044BD-RjUL20211209080600.0161215s1955 enk b 001 0 eng d a(BD-RjUL)58168 aDLCbengcDLCdBD-RjUL aeng04a324.0942bBUB 19552231 aButler, David,d1924-14aThe British general election of 1955 /cDavid Butler aLondon :bSt Martin's Press,c1955. a236 p. ;c26 cm. aIncludes bibliographical references and index. a Great BritainxParliament aGreat BritainxElections